000 01256nam a22002655i 4500
001 162048
003 ES-MaACL
005 20250815151008.0
008 940301s1881 sp |||| | spa d
100 1 _aPicatoste, Felipe.
_991802
245 1 3 _aLa estética en la naturaleza, en la ciencia y en el arte :
_bformas elementales /
_cpor D. Felipe Picatoste.
260 _aMadrid :
_bEst. Tip. Editorial de G. Estrada,
_c1881.
300 _a240 p. ;
_c18 cm.
490 1 _aBiblioteca enciclopédica popular ilustrada. Sección 3ª. Conocimientos útiles
505 8 _aContiene: De la forma y la simetría . De la línea recta y sus combinaciones . De la línea curva . Del plano . De los poliedros . Cuerpos redondos
530 _aDisponible en formato digital.
596 _aMarca tip. en port.
650 7 _aNaturaleza (Estética)
_2embne
_9137429
650 4 _aEstética-
_yS.XIX.
_9160054
700 1 _aEstrada, Gregorio.
_9126979
830 1 _aBiblioteca enciclopédica popular ilustrada. Sección 3ª. Conocimientos útiles
_9180990
852 _aES-MaACL
_jF-13619
_z- Enc. hol.
856 4 _uhttps://bibliotecadigital.jcyl.es/es/consulta/registro.do?id=22696
_zBiblioteca Digital de Castilla y León
999 _c162048
_d162048